Word Ladder: Fruit Anatomy Quiz Stats

 Plays Quiz Updated Jun 13, 2018

Score 0/18 Timer 02:00
1 Play Today
Clue 4-Letter Word % Correct
•Outer covering of a fruit••PEEL•
92.7%
Perceive by touchFEEL
92.5%
•A fruit's unit of reproduction••SEED•
91.6%
Constituent of a staircaseSTEP
90.3%
•Small stalk supporting a fruit••STEM•
89.6%
•Tough central part of a fruit••CORE•
88.8%
Chicken's dinnerFEED
87.9%
Baby bird's soundPEEP
85.5%
Napa Valley industryWINE
85%
Clue 4-Letter Word % Correct
Was dressed inWORE
84.4%
Police slang for criminalPERP
82.9%
Move like molassesSEEP
82.9%
HBO crime show, with 'The'WIRE
81.3%
Renewable energy sourceWIND
80%
Fringe benefitPERK
77.6%
•Hard outer layer of a fruit••RIND•
75.9%
New Year's popperCORK
73.5%
May be pulled, not pushedPORK
70.4%

Today's Daily Dose

Missing Word
1940s A-Z

Quick Pick
'S' Athletes

Get the Picture
Depp or Bonham Carter

You're not logged in!

Compare scores with friends on all Sporcle quizzes.
OR
Log In

Sporcle TV

Today on Sporcle TV


Watch our educational content, quiz creation guides, and fun videos on Sporcle TV.

Show Comments

Extras

Top Quizzes Today


Score Distribution

Your Account Isn't Verified!

In order to create a playlist on Sporcle, you need to verify the email address you used during registration. Go to your Sporcle Settings to finish the process.

Report this User

Report this user for behavior that violates our Community Guidelines.

Details: